Geography Quiz

Random Geography or Flags Quiz

Flags with birds Quiz Stats

 Plays Quiz not verified by Sporcle

Score 0/16 Timer 07:00
0 Plays Today
Country % Correct
Mexico
78.4%
Albania
72.9%
Papua New Guinea
64.2%
Dominica
63.3%
Guatemala
58.3%
Egypt
57.8%
Uganda
56%
Kiribati
53.2%
Country % Correct
Montenegro
51.4%
Zimbabwe
50.9%
Ecuador
49.5%
Serbia
47.2%
Zambia
46.8%
Kazakhstan
44.5%
Moldova
39.9%
Fiji
37.6%

You're not logged in!

Compare scores with friends on all Sporcle quizzes.
OR
Log In

Show Comments

Extras

Top Quizzes Today


Score Distribution

Your Account Isn't Verified!

In order to create a playlist on Sporcle, you need to verify the email address you used during registration. Go to your Sporcle Settings to finish the process.

Report this User

Report this user for behavior that violates our Community Guidelines.

Details: